| 000 | 02539cam a22005774i 4500 | ||
|---|---|---|---|
| 003 | PE-LiUPU | ||
| 005 | 20250731173341.0 | ||
| 008 | 150706s r 000 0 d | ||
| 020 | _a9780311461912 | ||
| 035 | _a(Sirsi) i9780311461912 | ||
| 040 |
_aPE-LiUPU _bspa _cPE-LiUPU _erda |
||
| 049 | _aPRUA | ||
| 082 | 0 | 4 |
_a241.21 _bS78 _221 |
| 100 | 1 |
_aStassen, Glen Harold, _d1936- , _eautor. |
|
| 245 | 1 | 3 |
_aLa ética del reino / _cGlen H. Stassen y David P. Gushee. |
| 264 | 1 |
_aEl Paso, Texas : _bMundo Hispano, _c2007. |
|
| 300 |
_a528 páginas ; _c24 centímetros |
||
| 336 |
_atext _2rdacontent |
||
| 337 |
_aunmediated _2rdamedia |
||
| 338 |
_avolume _2rdacarrier |
||
| 500 | _a"Siguiendo a Jesús en un contexto contemporáneo" -- en cubierta. | ||
| 504 | _aIncluye bibliografía. | ||
| 505 | 0 | _aEl reino de Dios y el carácter cristiano -- El camino de Jesús y la autoridad profética -- El evangelio de la vida -- Varón y mujer -- Las normas centrales en la ética cristiana -- Las relaciones entre la justicia y el amor -- Una pasión por el reinado de Dios. | |
| 526 | _aSEG42 | ||
| 526 | _aSEG41 | ||
| 526 | _aSEG40 | ||
| 526 | _aSEG39 | ||
| 526 | _aP94 | ||
| 526 | _aP87 | ||
| 526 | _aP86 | ||
| 526 | _aP85 | ||
| 526 | _aP77 | ||
| 526 | _aP76 | ||
| 526 | _aP35 | ||
| 541 | _g0010000547; | ||
| 541 | _g001-0020922; | ||
| 650 | 0 | 4 |
_aEtica cristiana. _91047 |
| 650 | 0 | 4 |
_aJesucristo _xEtica. |
| 650 | 0 | 4 |
_aSermón de la montaña _xCrítica, interpretación, etc. |
| 700 | 1 |
_aCevallos, Juan Carlos, _eed. |
|
| 700 | 1 |
_aCevallos, María Luisa, _eed. |
|
| 700 | 1 |
_aGushee, David P., _d1962- , _eautor. |
|
| 910 |
_agl _bjv _cng _d20090910 |
||
| 942 |
_2ddc _cBOOK |
||
| 949 |
_a241.21 S78 _wDEWEY _c1 _i63908 _lCCODEBUL1 _mBUL _p20.00 _r0 _sY _tBOOK _u2015-7-6 _xTEOLOGIA _PP35 _0COMPRA _o.STAFF. Colección General |
||
| 949 |
_a241.21 S78 _wDEWEY _c2 _i60305 _lCCODEBUL1 _mBUL _p25.00 _r0 _sY _tBOOK _u2015-7-6 _xTEOLOGIA _PP35 _0COMPRA _o.STAFF. Colección General |
||
| 994 |
_aC0 _bPEPRU |
||
| 596 | _a1 | ||
| 999 |
_a241.21 S78 _wDEWEY _c49766 _i63908 _d49766 _f2021-11-10 _g5 _lCCODEBUL1 _mBUL _p20.00 _q1 _r0 _sY _tBOOK _u2015-7-6 _xTEOLOGIA _PP35 _0COMPRA _o.STAFF. Colección General |
||
| 999 |
_a241.21 S78 _wDEWEY _c2 _i60305 _f2021-11-10 _g5 _lCCODEBUL1 _mBUL _p25.00 _r0 _sY _tBOOK _u2015-7-6 _xTEOLOGIA _PP35 _0COMPRA _o.STAFF. Colección General |
||
| 980 |
_81 _gALBERTO SANCHEZ Responsable de Automatización |
||